Fundamentals of air pollution (Record no. 26662)

MARC details
000 -LEADER
fixed length control field 00283nam a2200109Ia 4500
082 ## - DEWEY DECIMAL CLASSIFICATION NUMBER
Classification number 628.39
Item number WIL
100 ## - MAIN ENTRY--AUTHOR NAME
Personal name Williamson, Samuel J
245 #0 - TITLE STATEMENT
Title Fundamentals of air pollution
260 ## - PUBLICATION, DISTRIBUTION, ETC. (IMPRINT)
Place of publication London
Name of publisher Addison Wesley
Year of publication 1973
942 ## - ADDED ENTRY ELEMENTS (KOHA)
Koha item type Books
Holdings
Withdrawn status Lost status Damaged status Not for loan Home library Current library Date acquired Cost, normal purchase price Full call number Accession Number Koha item type
        RRII Library RRII Library 16/12/2021 17.50 628.39 WIL 07294 Books